Disease and mortality in Sub-Sahara Africa

Uloženo v:
Podrobná bibliografie
Korporativní autor: The World Bank
Médium: Kniha
Jazyk:Undetermined
Vydáno: Washington The world bank 2006
Témata:
Tagy: Přidat tag
Žádné tagy, Buďte první, kdo otaguje tento záznam!
Thư viện lưu trữ: Trung tâm Học liệu Trường Đại học Cần Thơ
LEADER 00516nam a2200193Ia 4500
001 CTU_103527
008 210402s9999 xx 000 0 und d
082 |a 362.1 
082 |b W927 
110 |a The World Bank 
245 0 |a Disease and mortality in Sub-Sahara Africa 
245 4 |c The World Bank 
260 |a Washington 
260 |b The world bank 
260 |c 2006 
650 |a Public health 
650 |z Africa, sub-saharan 
904 |i Năm 
980 |a Trung tâm Học liệu Trường Đại học Cần Thơ